000 00747 a2200205 4500
999 _c9268
_d9268
020 _a9780745663715
050 _aJC571 ARM 2015
100 _aArmaline, William T.
_eauthor
245 _aThe human rights enterprise :
_bpolitical sociology, state power, and social movements /
_cWilliam T. Armaline, Daviata Silfen Glasberg, & Bandana Purkayastha
264 _aCambridge :
_bPolity Press,
_c2015.
300 _a213p. :
440 _aPolitical sociology series
500 _aIncludes bibliographical references and index
650 _aHuman rights
650 _aHuman rights -- Social aspects
650 _aCivil rights
700 _aGlasberg, Davita Silfen
_eauthor
700 _aPurkayastha, Bandana
_eauthor
942 _2lcc
_cBK
_h571
_iARM
_kJC